Middle East Countries by Area - Statistics

General Stats
  • This quiz has been taken 35 times
  • The average score is 14 of 16
Answer Stats
Total Area Country % Correct
636,371 Iran
100%
8230,000 Saudi Arabia
100%
386,662 Egypt
93%
302,535 Turkey
93%
169,235 Iraq
89%
175,870 Yemen
89%
119,499 Oman
86%
71,498 Syria
86%
300 Bahrain
82%
8,470 Israel
82%
6,880 Kuwait
82%
4,473 Qatar
82%
32,278 United Arab Emirates
79%
34,486 Jordan
75%
4,036 Lebanon
75%
3,572 Cyprus
68%
No matching quizzes found
Score Distribution
Percent of People with Each Score
Percentile by Number Answered
Your Score History
You have not taken this quiz